00400 a2200109 4500001001000000005001700010008004100027245011100068100002200179700002100201773006800222ART_1245620260410161906.0260409a 10aAn examination of two-step estimators for models with lagged dependent variables and autocorrelated errors1 aGuilkey, David K.1 aFomby, Thomas B.0 tJournal of econometricsg- Vol. 22, NÂș 3 (ago. 1983)wREV11720